[Event "Murmansk ChessMates 4th"]
[Site "Murmansk"]
[Date "2020.03.13"]
[Round "2.1"]
[White "Shelezhonkova, Kseniya"]
[Black "Nikitin, Arseni1111"]
[Result "0-1"]
[WhiteElo "1552"]
[BlackElo "1680"]
[PlyCount "70"]
[EventDate "2020.03.13"]
[EventType "team-tourn"]
[EventRounds "5"]
[EventCountry "RUS"]
[SourceTitle "CBM 195 Extra"]
[Source "ChessBase"]
[SourceDate "2020.05.31"]
[SourceVersion "1"]
[SourceVersionDate "2020.05.31"]
[SourceQuality "1"]
[WhiteTeam "Leningrad Region"]
[BlackTeam "Estonia Maletaht"]
[WhiteTeamCountry "RUS"]
[BlackTeamCountry "EST"]

1. e4 c5 2. Nc3 e6 3. f4 d5 4. Nf3 d4 5. Ne2 Nf6 6. d3 Nc6 7. h3 h5 8. g3 a6 9. a4 c4 10. Bg2 Bc5 11. 0-0 cxd3 12. cxd3 0-0 13. Kh1 b6 14. Ng5 e5 15. fxe5 Nxe5 16. Bf4 Qe7 17. Ng1 Ra7 18. N1f3 Ng6 19. b4 Bxb4 20. Nxd4 Bd7 21. Nc2 Bc3 22. Ra3 Be5 23. d4 Bxf4 24. gxf4 Rc8 25. Ra2 Rac7 26. e5 Ne8 27. Bd5 Bc6 28. Bxc6 Rxc6 29. d5 Rc3 30. d6 Qb7+ 31. Kh2 Nh4 32. Rf2 f6 33. d7 fxg5 34. dxc8Q Qxc8 35. fxg5 Qxh3+ 0-1